000 00309nam a22001337a 4500
082 _a796
_bMOH/A
100 _aMOHAN, N
245 _aA2Z ON INDIAN CRICKET
260 _aALUVA
_bPEN BOOKS
_c2003
300 _a248
520 _aTHE COMPLTE INFORMATION ON INDIAN CRICKET
650 _aSPORTS
_zINDIA
942 _cBK
999 _c6250
_d6250